000 00284nam a2200121Ia 4500
008 190802s9999 xx 000 0 und d
020 _a978-93-325-5854-0
100 _aRobert A Baron
245 0 _aPsychology
260 _aNew Delhi
_bPearson
_c2016
300 _a646:p
942 _cBK
999 _c2251
_d2251